Statistics for Impractical Jokers Trivia

Click here to take the quiz!

General Stats

  • This quiz has been taken 218 times
    (173 since last reset)
  • The average score is 8 of 17

Answer Stats

QuestionAnswer% Correct
Who's the bald one?Murr
100%
What Joker was previously a fireman?Q
100%
Who is the only husband and father?Joe
99%
Who got a tattoo of Jaden Smith?Sal
99%
Who made up superhero does Joe play as in a punishment?Captain Fatbelly
62%
Where was the first ever challenge filmed at?White Castle
52%
What did Sal have to pick up in the very first punishment?Dog Poop
49%
When did the show first air?2011
47%
What two jokers had to lead a chant?Q and Sal
45%
What was the original name of the show?Mission: Uncomfortable
31%
What did Murr wear that was given by Q in Season 6?Q's Hair
30%
As of February 2020, how many episodes are there?200
29%
What three jokers had a punishment of bad parenting?Q, Sal, and Murr
26%
What did Q do because he laughed so hard?Throw Up
25%
What was the name of the really bad movie that Murr made?Damned
21%
Q loves all animals, except for one. What animal is it?Tarantulas
13%
What is the name of the most popular challenge?Refuse, You Lose
8%

Score Distribution

Percentile by Number Answered

Percent of People with Each Score

Your Score History

You have not taken this quiz since the last reset